Les meilleures pages des écrivains pédagogiques, de Rabelais au XXe siècle, extraits avec un avant-propos et des notes / (Record no. 98443)

MARC details
000 -LEADER
campo de control de longitud fija 00627nam a2200181 i 4500
001 - NÚMERO DE CONTROL
campo de control 98443
003 - IDENTIFICADOR DE NÚMERO DE CONTROL
campo de control ES-MaACL
005 - FECHA Y HORA DE LA ÚLTIMA TRANSACCIÓN
campo de control 20230906182303.0
007 - CAMPO FIJO DE DESCRIPCIÓN FÍSICA--INFORMACIÓN GENERAL
campo de control de longitud fija t|
008 - DATOS DE LONGITUD FIJA--INFORMACIÓN GENERAL
campo de control de longitud fija 050902s1908 fr ||||1| fre d
245 04 - MENCIÓN DEL TÍTULO
Título Les meilleures pages des écrivains pédagogiques, de Rabelais au XXe siècle, extraits avec un avant-propos et des notes /
Mención de responsabilidad, etc. par Edmond Parisot et Félix Henry ; préface de Jules Payet.
260 ## - PUBLICACIÓN, DISTRIBUCIÓN, ETC.
Lugar de publicación, distribución, etc. Paris :
Nombre del editor, distribuidor, etc. A. Colin,
Fecha de publicación, distribución, etc. 1908.
300 ## - DESCRIPCIÓN FÍSICA
Extensión XII, 364 p. ;
Dimensiones 19 cm.
700 1# - ENTRADA AGREGADA--NOMBRE PERSONAL
Nombre de persona Parisot, Edmond.
9 (RLIN) 89156
700 1# - ENTRADA AGREGADA--NOMBRE PERSONAL
Nombre de persona Henry, Félix.
9 (RLIN) 62594
700 1# - ENTRADA AGREGADA--NOMBRE PERSONAL
Nombre de persona Payet, Jules.
9 (RLIN) 89720
852 ## - LOCALIZACIÓN
Ubicación ES-MaACL
Número de control de estantería F-11424
Holdings
Estatus retirado Estado de pérdida Estado de daño No para préstamo Biblioteca de origen Biblioteca actual Ubicación en estantería Fecha de adquisición Fuente de adquisición Total de préstamos Signatura topográfica completa Código de barras Visto por última vez Precio de reemplazo Tipo de ítem Koha
        Biblioteca del Ateneo de Madrid Biblioteca del Ateneo de Madrid Sala Pecera Planta 2 17/01/2008     F-11424 1102766 23/02/2023 23/02/2023 Libro impreso